000 00286nam a22001217a 4500
999 _c153971
_d153971
082 _a
_b
100 _aRajendra Bavishkar
245 _aChitra Mudgal ke katha sahitya me nari/
_cby Rajendra Bavishkar
260 _a
_bRoli Prashan
_c
300 _a275p.
650 _a
942 _cBK